Statistics for English To Vietnamese I

Click here to take the quiz!

General Stats

  • This quiz has been taken 12 times
  • The average score is 10 of 15

Answer Stats

EnglishVietnamese% Correct
GlassThủy Tinh
100%
WelcomeChào Mừng
80%
ChannelKênh
80%
TrucksXe Tải
80%
ConspiracyÂm Mưu
60%
OrdinaryBình Thường
60%
CushionCái Đệm
60%
IncredibleĐáng Kinh Ngạc
60%
PlantationĐồn Điền
60%
GleamingLấp Lánh
60%
SnoreNgáy
60%
VariousNhiều
60%
DevelopmentPhát Triển
60%
NonchalantThờ Ơ
60%
DisillusionedVỡ Mộng
60%

Score Distribution

Percentile by Number Answered

Percent of People with Each Score

Your Score History

You have not taken this quiz